History Quiz

Random History or Letter Quiz
Score 0/20 Timer 08:00
2 Plays Today
% Correct
And I shall move the world.
96.1%
To rise up, and shake off the existing government.
91.5%
That our technology has exceeded our humanity.
90%
When its mother is chilly.
88.9%
That it would become impossible. He was wrong.
87.6%
Or because it may have been planned by those whom they dislike.
85.4%
That everyone is wrong about other countries.
85.4%
Is a matter of belief.
84%
That your very existence is an act of rebellion.
82.5%
That the people they administer don't think.
81.6%
% Correct
That development and prosperity will harm Islam.
80.7%
To make me despair, almost entirely, of our future as a people.
80.6%
Of illegal treatment from a ruler whom they consider god-fearing and pious.
80.6%
Of which you spare yourself the sight.
80.3%
Who are thus relieved from the necessity of forming opinions of their own.
76.5%
If there weren't any other people living in the world.
76.4%
To sleep under bridges, to beg in the streets, and to steal bread.
76.4%
That sentence is the leper's bell of an approaching looter.
73%
Whatever is best administered is best.
65.3%
Come unto me all ye that labor and are heavy laden.
57.2%
Remove Ads.
Support Sporcle.
Get the best of Sporcle when you Go Orange. This ad-free experience offers more features, more stats, and more fun while also helping to support Sporcle. Thank you for becoming a member.

You're not logged in!

Compare scores with friends on all Sporcle quizzes.
OR
Log In

Show Comments

Extras

Top Quizzes Today


Score Distribution

Your Account Isn't Verified!

In order to create a playlist on Sporcle, you need to verify the email address you used during registration. Go to your Sporcle Settings to finish the process.

Report this User

Report this user for behavior that violates our Community Guidelines.

Details: